| 000 | 01468cam a22003737a 4500 | ||
|---|---|---|---|
| 003 | CHAP | ||
| 005 | 20220329142751.0 | ||
| 008 | 030731d1990 mx d r 00110 spa d | ||
| 010 | _a87489 | ||
| 011 | _a88461 | ||
| 035 | _a99006 | ||
| 040 | _cCHAP | ||
| 090 | _aTesis | ||
| 100 | 0 | 0 |
_aBaas May, Miguel Angel. _99237 |
| 245 | 1 | 0 |
_aCálculo de las funciones de producción y de costos de los fruticultores del municipio de Oxkutzcab, Yucatan _c/por Miguel Angel Baas May y Leonel Martínez Sánchez |
| 260 |
_aChapingo, Méx. : _bEl autor, _c1990 |
||
| 300 |
_a151 h. : _bgráfs. ; cuadros |
||
| 502 | _aTesis (Ing. Agr. Esp. en Economía Agrícola) -- UACH. Departamento de Economía Agrícola | ||
| 590 |
_aALEPH _b10 _c20130110 _lUCH01 _h1454 |
||
| 590 |
_aBATCH-UPD _b10 _c20130110 _lUCH01 _h0357 |
||
| 590 |
_aBATCH-UPD _b10 _c20130110 _lUCH01 _h2120 |
||
| 590 |
_aBATCH-UPD _b10 _c20130410 _lUCH01 _h0030 |
||
| 590 |
_aBATCH-UPD _b10 _c20130914 _lUCH01 _h0514 |
||
| 590 |
_aCONVERSION _b10 _c20130109 _lUCH01 _h1348 |
||
| 650 | 1 | 4 |
_aFruticultura _xAspectos económicos _xYucatán. _943699 |
| 650 | 1 | 4 |
_aFruticultura _xCostos de producción. _943713 |
| 650 | 1 | 4 |
_aFruticultura _zYucatán. _943765 |
| 700 | 0 |
_aMartínez Sánchez, Leonel. _972534 |
|
| 901 | _aBK | ||
| 905 | _aMarco A. Mendoza T. | ||
| 942 | _cFOLL | ||
| 949 |
_aTesis _bBC _cTES _d33724000896171 _eTS2 _fc.2 _gDonaciØn _h41252 _i99006 _sb |
||
| 949 |
_aTesis _bBC _cTES _d990061 _eTS1 _gDonaciØn _h41251 _i99006 _sb |
||
| 999 |
_c87489 _d87489 |
||